| 000 | 08328cgm a2201477Ia 4500 | ||
|---|---|---|---|
| 001 | ocn829280287 | ||
| 003 | OCoLC | ||
| 005 | 20200320221433.0 | ||
| 007 | vd cvaizq | ||
| 008 | 130307s2012 cau212 g vleng d | ||
| 019 | _a988490957 | ||
| 024 | 1 | 0 | _a025192163319 |
| 028 | 4 | 2 |
_a61124318 _bUniversal Studios Home Entertainment. |
| 028 | 4 | 2 |
_a2023508 _bUniversal Studios Home Entertainment. |
| 028 | 4 | 2 |
_a488606 _bUniversal Studios Home Entertainment. |
| 028 | 4 | 2 |
_a2023440 _bUniversal Studios Home Entertainment. |
| 035 |
_a(OCoLC)829280287 _z(OCoLC)988490957 |
||
| 040 |
_aWVF _beng _cWVF _dOCLCQ _dOCLCO _dOCLCA _dKN4 _dOCLCA _dOCLCF _dOCLCO _dBTCTA _dOCL _dOCLCO _dIYU _dOCLCO _dOCLCQ _dOCLCO _dOCLCA _dKK5 _dOCLCA _dAZZPT _dOCLCO _dWACOL |
||
| 041 | 1 |
_aeng _jeng _jfre _jspa _heng |
|
| 043 |
_aa-ja--- _anwdr--- _an-us-ca |
||
| 049 | _aWACL | ||
| 050 | 4 |
_aPN1997.2 _b.F3783 2012 |
|
| 092 |
_aDVD _bFAST |
||
| 092 |
_aDVD _bFas |
||
| 245 | 0 | 4 |
_aThe fast and the furious. _pTokyo drift / _cUniversal Pictures ; Original Film ; Relativity Media ; produced by Ryan Kavanaugh, Neal H. Moritz ; written by Chris Morgan ; directed by Justin Lin. Fast & furious / a Universal Pictures presentation in association with Relativity Media, an Original Film/One Race Films production, a Justin Lin film ; produced by Neal H. Mortiz, Vin Diesel, Michael Fottrell ; written by Chris Morgan ; directed by Justin Lin. |
| 246 | 3 | 0 | _aTokyo drift |
| 246 | 3 | _aFast and the furious 3 | |
| 246 | 3 | _aFast and the furious 4 | |
| 246 | 3 | _aFast and furious | |
| 260 |
_aUniversal City, Calif : _bUniversal Studios Home Entertainment., _c[2012] |
||
| 300 |
_a1 videodisc (212 min.) : _bsound, color ; _c4 3/4 in. |
||
| 336 | _atwo-dimensional moving image | ||
| 337 | _avideo | ||
| 338 | _avideodisc | ||
| 344 |
_adigital _boptical _2rda |
||
| 347 |
_avideo file _bDVD video _2rda |
||
| 546 | _aEnglish, French or Spanish subtitles; English subtitles for the deaf and hard of hearing. | ||
| 500 | _a"Double feature"--Container. | ||
| 521 | 8 | _aBoth: MPAA rating: PG-13. | |
| 538 | _aTokyo drift: DVD, NTSC, anamorphic widescreen 2.35:1; Dolby Digital 5.1. | ||
| 511 | 1 | _aTokyo drift: Lucas Black, Bow Wow, Brian Tee, Sung Kang, Brian Goodman, Koji Kataoka, J.J. Sonny Chiba. | |
| 508 | _aTokyo drift: Director of photography, Stephen F. Windon ; editors, Kelly Matsumoto, Dallas Puett, Fred Raskin ; music, Brian Tyler ; costume designer, Sanja Milkovic Hays ; production designer, Ida Random. | ||
| 520 | _aTokyo drift: To avoid jail time, street racer Sean Boswell is sent to live with his father, who is in the military and serving in Tokyo. There he discovers drift racing. After losing a race to Yakuza-connected D.K., the Drift King, Sean has to enter the Tokyo underworld to find a way to pay his debt. | ||
| 500 | _aTokyo drift originally released as a motion picture in 2006. | ||
| 538 | _aThe fast & furious: DVD, NTSC, anamorphic widescreen 2.40:1; Dolby Digital 5.1. | ||
| 511 | 1 | _aThe fast & furious: Vin Diesel, Paul Walker, Michelle Rodriguez, Jordana Brewster, John Ortiz, Laz Alonso. | |
| 508 | _aThe fast & furious: Director of photography, Amir Mokri ; edited by Fred Raskin, Christian Wagner ; music by Brian Tyler ; production designer, Ida Random ; costume designer, Sanja Milkovic Hays. | ||
| 520 | _aThe fast & furious: Dom Toretto is a former street racer who, along with his crew, hijacks an oil truck out on the highway. Dom is living the life of a fugitive in the Dominican Republic, but after suffering a devastating personal loss, he is driven by revenge to return to Los Angeles to bring down an elusive drug smuggler. He is reunited with undercover FBI agent Brian O'Connor who let him go eight years earlier. Brian is also on the case of the drug smuggler and he must come to terms with Dom and make amends with Dom's sister, whom he betrayed in his original pursuit of Dom. | ||
| 500 | _aThe fast & furious originally released as a motion picture in 2009. | ||
| 500 | _aThe fast & furious: based on the characters created by Gary Scott Thompson. | ||
| 505 | 0 | _aThe fast & the furious, Tokyo drift (2006, 105 min.) -- Fast & furious (2009, 107 min.). | |
| 521 |
_aDVD _bDonation |
||
| 650 | 0 |
_aHot rods _vDrama. _95697950 |
|
| 650 | 0 |
_aAutomobiles, Racing _zJapan _zTokyo _vDrama. _96008148 |
|
| 650 | 0 |
_aGangsters _zJapan _zTokyo _vDrama. _96008149 |
|
| 650 | 0 |
_aCriminal behavior _zJapan _zTokyo _vDrama. _96008150 |
|
| 650 | 0 |
_aHot rods _zCalifornia _zLos Angeles _vDrama. _95736593 |
|
| 650 | 0 |
_aHot rods _xDesign and construction _vDrama. _95736594 |
|
| 650 | 0 |
_aCriminal behavior _zDominican Republic _vDrama. _95736595 |
|
| 650 | 0 |
_aCriminal behavior _zCalifornia _zLos Angeles _vDrama. _95736596 |
|
| 650 | 0 |
_aUndercover operations _zCalifornia _zLos Angeles _vDrama. _95736597 |
|
| 650 | 0 |
_aDrug traffic _zCalifornia _zLos Angeles _vDrama. _95736598 |
|
| 650 | 0 |
_aMan-woman relationships _zCalifornia _zLos Angeles _vDrama. _95712514 |
|
| 650 | 7 |
_aAutomobiles, Racing. _2fast _0(OCoLC)fst00824092 _96008151 |
|
| 650 | 7 |
_aCriminal behavior. _2fast _0(OCoLC)fst00883170 _96008152 |
|
| 650 | 7 |
_aDrug traffic. _2fast _0(OCoLC)fst00898722 _96008153 |
|
| 650 | 7 |
_aGangsters. _2fast _0(OCoLC)fst00937713 _96008154 |
|
| 650 | 7 |
_aHot rods. _2fast _0(OCoLC)fst00961678 _994970 |
|
| 650 | 7 |
_aHot rods _xDesign and construction. _2fast _0(OCoLC)fst00961680 _9102422 |
|
| 650 | 7 |
_aMan-woman relationships. _2fast _0(OCoLC)fst01007080 _96008155 |
|
| 650 | 7 |
_aUndercover operations. _2fast _0(OCoLC)fst01160879 _96008156 |
|
| 651 | 7 |
_aCalifornia _zLos Angeles. _2fast _0(OCoLC)fst01204540 _95742529 |
|
| 651 | 7 |
_aDominican Republic. _2fast _0(OCoLC)fst01206148 _96008157 |
|
| 651 | 7 |
_aJapan _zTokyo. _2fast _0(OCoLC)fst01204835 _96008158 |
|
| 655 | 7 |
_aAction and adventure films. _2fast _0(OCoLC)fst01710568 _95674017 |
|
| 655 | 7 |
_aCrime films. _2fast _0(OCoLC)fst01710477 _95697955 |
|
| 655 | 7 |
_aDrama. _2fast _0(OCoLC)fst01423879 _95673873 |
|
| 655 | 7 |
_aFeature films. _2fast _0(OCoLC)fst01710384 _96008159 |
|
| 655 | 7 |
_aFiction films. _2fast _0(OCoLC)fst01710264 _95674705 |
|
| 655 | 7 |
_aGangster films. _2fast _0(OCoLC)fst01710308 _9102714 |
|
| 655 | 7 |
_aThrillers (Motion pictures) _2fast _0(OCoLC)fst01726193 _96008160 |
|
| 655 | 7 |
_aVideo recordings for the hearing impaired. _2fast _0(OCoLC)fst01710450 _96008161 |
|
| 655 | 7 |
_aFeature films. _2lcgft _96008159 |
|
| 655 | 7 |
_aGangster films. _2lcgft _9102714 |
|
| 655 | 7 |
_aFiction films. _2lcgft _95674705 |
|
| 655 | 7 |
_aAction and adventure films. _2lcgft _95674017 |
|
| 655 | 7 |
_aThrillers (Motion pictures) _2lcgft _96008160 |
|
| 655 | 7 |
_aCrime films. _2lcgft _95697955 |
|
| 655 | 7 |
_aVideo recordings for the hearing impaired. _2lcgft _96008161 |
|
| 700 | 1 |
_aLin, Justin. _976814 |
|
| 700 | 1 |
_aBlack, Lucas, _d1982- _965347 |
|
| 700 | 0 |
_aBow Wow _c(Musician) _966789 |
|
| 700 | 1 |
_aTee, Brian. _95809999 |
|
| 700 | 1 |
_aKang, Sung, _d1972- _970011 |
|
| 700 | 1 |
_aGoodman, Brian. _923544 |
|
| 700 | 1 |
_aWindon, Stephen F. _971318 |
|
| 700 | 1 |
_aMatsumoto, Kelly. _972822 |
|
| 700 | 1 |
_aPuett, Dallas. _96008162 |
|
| 700 | 1 |
_aRasking, Fred. _96008163 |
|
| 700 | 1 |
_aRandom, Ida. _96008164 |
|
| 700 | 1 |
_aTyler, Brian _c(Composer) _972061 |
|
| 700 | 1 |
_aMoritz, Neal H. _964986 |
|
| 700 | 1 |
_aDiesel, Vin. _959181 |
|
| 700 | 1 |
_aFottrell, Michael. _957626 |
|
| 700 | 1 |
_aMorgan, Chris. _910722 |
|
| 700 | 1 |
_aWalker, Paul, _d1973-2013. _95718512 |
|
| 700 | 1 |
_aRodriguez, Michelle. _967004 |
|
| 700 | 1 |
_aBrewster, Jordana, _d1980- _958323 |
|
| 700 | 1 |
_aOrtiz, John. _95736602 |
|
| 700 | 1 |
_aAlonso, Laz. _970429 |
|
| 700 | 1 |
_aMokri, Amir. _969776 |
|
| 700 | 1 |
_aWagner, Christian A. _q(Christian Adam) _96008165 |
|
| 700 | 1 |
_aHays, Sanja Milkovic, _d1958- _974685 |
|
| 700 | 1 |
_aThompson, Gary Scott. _973143 |
|
| 710 | 2 |
_aUniversal Pictures (Firm) _919584 |
|
| 710 | 2 |
_aRelativity Media. _973590 |
|
| 710 | 2 |
_aOriginal Film (Firm) _95763575 |
|
| 710 | 2 |
_aOne Race Films. _95736603 |
|
| 710 | 2 |
_aUniversal Studios Home Entertainment (Firm) _972642 |
|
| 740 | 0 | 2 | _aFast & furious. |
| 938 |
_aBaker and Taylor _bBTCP _nBEBDMC 61168323 |
||
| 942 |
_cDVD _05 |
||
| 948 |
_a08/10/2019 _zSirsi |
||
| 994 |
_aC0 _bWACOL |
||
| 996 |
_a168551 _b34301001635780 _cDVD _dDVD _ewcl _fi _g5 _h7.01 _lDonation _mFas _p08/10/2019 _q02/19/2020 _r02/12/2020 |
||
| 999 |
_c320905 _d320904 |
||